1655 1299 1881 1793 1571 1190 1398 1061 1963 1364 1156 1784 1109 1836 1251 1813 1485 1418 1256 1006 1989 1519 1473 1008 1529 1686 1005 1569 1691 1834 1067 1849 1758 1919 1478 1843 1121 1853 1943 1029 1233 1157 1185 1353 1130 1818 1833 1751 1934 1605 1595 1879 1809 1310 1593 1223 1055 1065 1106 1116 1605 1435 1601 1027 1856 1947 1079 1166 1557 1640 1817 1977 1244 1113 1460 1588 1164 1502 1209 1299 1162 1516 1071 1129 1159 1779 1632 1850 1797 1226 1193 1322 1838 1121 1354 1112 1668 1758 1310 BCNSPRNW ULIB Ver.6.0+V

เปลี่ยนเป็นภาษาไทย

Change to English
 แสดงรายละเอียดบรรณานุกรม
  กลับหน้าหลัก

Brief Record : Get Marc (ISO 2709) : E-mail record : QR code < ปิดหน้าต่าง
LEADER : 00000nam 2200000uu 4500
001    13399124789
003     ULIB
008    160324s2013||||th 000 0 eng d
020    9780808924463
060 04 ^aW13^bD711
245 00 ^aDorland's pocket medical dictionary :^binternational edition
250    ^a29th ed.
260    ^aPhiladelphia :^bSaunders,^cc2013
300    ^axxvi, 934 p., [32] p. of col. plates :^bcol. ill. ;^c19 cm.
500    ^aThoroughly update, base on Dorland^'s Illustrated Medical Dictionary with full-color illustrations and series of 32 color plates : The human body-highlights of structure and function
650  0 ^aMedicine^vDictionaries
650  2 ^aDictionaries, Medical
700 1  ^aDorland, W. A. Newman^q(William Alexander Newman),^d1864-1956
945    ^p1290^l0^i000338
999    ^aเกษร โพธิ์สุวรรณ
รายการนี้ยังไม่มีแท็ก
คุณยังไม่ได้ล็อกอิน คุณสามารถมีกิจกรรมร่วมกับเว็บไซต์ได้ แต่ต้องล็อกอินก่อน ::
  ล็อกอิน

รายการสื่อสารสนเทศ

ลำดับที่ ประเภท เลขเรียก/บาร์โค้ด สถานที่ สถานะ
1. วิทยาศาสตร์การแพทย์ และสุขภาพ
วิทยาศาสตร์การแพทย์ และสุขภาพ
W13 D711 ฉ.1 
  Barcode: 000338
ห้องสมุดวิทยาเขตสวรรค์ประชารักษ์
►หนังสือทั่วไป
บนชั้น

รายการใกล้เคียง
    หัวเรื่อง [Medicine Dictionaries]
    หัวเรื่อง [Dictionaries, Medical]

BibComment


ยังไม่เคยถูกคอมเมนท์

คอมเมนท์ทรัพยากรรายการนี้
  คอมเมนท์: Dorlands pocket ..


 Copyright 2026. Bcnsprnw @Library